The integrated circuit: A case study of product innovation in the electronics industry

محفوظ في:
التفاصيل البيبلوغرافية
المؤلف الرئيسي: Herbert S. Kleiman
التنسيق: كتاب
اللغة:Undetermined
منشور في: University Microfilms International 1966
الموضوعات:
الوسوم: إضافة وسم
لا توجد وسوم, كن أول من يضع وسما على هذه التسجيلة!
Thư viện lưu trữ: Trung tâm Học liệu Trường Đại học Cần Thơ
LEADER 00547nam a2200169Ia 4500
001 CTU_87167
008 210402s9999 xx 000 0 und d
082 |a 338.4 
082 |b K63 
100 |a Herbert S. Kleiman 
245 4 |a The integrated circuit: 
245 2 |b A case study of product innovation in the electronics industry 
245 0 |c Herbert S. Kleiman 
260 |b University Microfilms International 
260 |c 1966 
650 |a electronic industries,industry innovations 
980 |a Trung tâm Học liệu Trường Đại học Cần Thơ